MARC

LEADER 00000nam0a2200000 4500
001 305969
005 20231102001842.0
035 |a (RuTPU)RU\TPU\book\331245 
090 |a 305969 
100 |a 20151001d1983 k y0rusy50 ca 
101 0 |a rus 
102 |a RU 
105 |a a z 001zy 
200 1 |a Способы повышения устойчивости и надежности объединенных энергосистем  |e сборник научных трудов НИИПТ  |f Научно-исследовательский институт по передаче электроэнергии постоянным током высокого напряжения (НИИПТ) ; под ред. Н. Н. Тиходеева 
210 |a Ленинград  |c Энергоатомиздат  |d 1983 
215 |a 78 с.  |c ил. 
320 |a Библиогр. в конце ст. 
606 1 |a Энергетические системы  |x Эксплуатация  |2 stltpush  |3 (RuTPU)RU\TPU\subj\21285  |9 46304 
610 1 |a устойчивость 
610 1 |a надежность 
610 1 |a повышение 
610 1 |a энергообъединения 
610 1 |a централизованные системы 
610 1 |a алгоритмы 
610 1 |a противоаварийная автоматика 
610 1 |a управление 
610 1 |a регулирование 
675 |a 621.311.004  |v 4 
702 1 |a Тиходеев  |b Н. Н.  |4 340 
712 0 2 |a Научно-исследовательский институт по передаче электроэнергии постоянным током высокого напряжения (НИИПТ)  |c (Санкт-Петербург)  |2 stltpush  |3 (RuTPU)RU\TPU\col\293 
801 1 |a RU  |b 63413507  |c 20151001 
801 2 |a RU  |b 63413507  |c 20190717  |g RCR 
942 |c BK